Statistics for Grey's Anatomy Actor/Actresses

Click here to take the quiz!

General Stats

  • This quiz has been taken 284 times
  • The average score is 29 of 37

Answer Stats

HintAnswer% Correct
Ellen PompeoMeredith Grey
100%
Justin ChambersAlex Karev
99%
Sandra OhCristina Yang
99%
Patrick DempseyDerek Shepherd
99%
Katherine HeiglIzzie Stevens
99%
Sara RamirezCallie Torres
98%
Chyler LeighLexie Grey
98%
Kate WalshAddison Montgomery
97%
Sarah DrewApril Kepner
97%
Jessica CapshawArizona Robbins
97%
T.R. KnightGeorge O'Malley
96%
Jesse WilliamsJackson Avery
96%
Camilla LuddingtonJosephine Wilson
96%
Chandra WilsonMiranda Bailey
96%
Eric DaneMark Sloan
95%
Caterina ScorsoneAmelia Shepherd
93%
James Pickens Jr.Richard Webber
92%
Kim RaverTeddy Altman
91%
Kevin McKiddOwen Hunt
90%
Isaiah WashingtonPreston Burke
87%
Kelly McCrearyMaggie Pierce
80%
Giacomo GianniottiAndrew Deluca
79%
Debbie AllenCatherine Avery
76%
Kate BurtonEllis Grey
76%
Stefania SpampinatoCarina Deluca
71%
Loretta DevineAdele Webber
68%
Jerrika HintonStephanie Edwards
64%
Chris CarmackAtticus Lincoln
62%
Jake BorelliLevi Schmitt
60%
Jeffrey Dean MorganDenny Duquette
57%
Martin HendersonNathan Riggs
54%
Aniela GumbsZola Shepherd
54%
Alex LandiNico Kim
49%
Greg GermannTom Koracick
47%
Abigail SpencerMegan Hunt
45%
Richard FloodCormac Hayes
38%
Scott FoleyHenry Burton
33%

Score Distribution

Percentile by Number Answered

Percent of People with Each Score

Your Score History

You have not taken this quiz